Statistics for Artist By Song - Retro 2000-23 Meme Songs (1501-2000))

Click here to take the quiz!

General Stats

  • This quiz has been taken 19 times
  • The average score is 227 of 500

Answer Stats

HintAnswer% Correct
Party In The U.S.A. | The Climb | We Can't Stop | Wrecking BallMiley Cyrus
94%
Love On Top | Single Ladies (Put A Ring On It)Beyonce
88%
Finesse | Just The Way You AreBruno Mars
88%
Barcelona | Beautiful People | Castle On The Hill | +8 othersEd Sheeran
88%
I'm Still Standing | Someone Saved My Life TonightElton John
88%
Blue Suede Shoes | Heartbreak Hotel | Hound Dog | +2 othersElvis Presley
88%
Let It GoJames Bay
88%
Into The Groove | Like A Prayer | Like A Virgin | +4 othersMadonna
88%
Uptown FunkMark Ronson
88%
By The Way | Californication | Dani California | +2 othersRed Hot Chili Peppers
88%
All Through The Night | Girls Just Wanna Have FunCyndi Lauper
82%
I Want It All | I Want To Break Free | Radio Ga Ga | Under PressureQueen
82%
Eye Of The TigerSurvivor
82%
I Get Around | Surfin' U.S.A. | Wouldn't It Be NiceThe Beach Boys
82%
Birthday | Carry That Weight | Girl | +22 othersThe Beatles
82%
Angie | Paint It, Black | Ruby Tuesday | Sympathy For The DevilThe Rolling Stones
82%
How Deep Is Your Love | Jive Talkin' | Night Fever | You Should Be DancingBee Gees
76%
Heart Of Glass | One Way Or Another | The Tide Is HighBlondie
76%
2 Legit 2 Quit | U Can't Touch ThisMC Hammer
76%
Black Hole SunSoundgarden
76%
House Of The Rising SunThe Animals
76%
Spirits In The Material World | Walking On The MoonThe Police
76%
I'll Wait | Runnin' With The DevilVan Halen
76%
Last ChristmasWham!
76%
Like A Rolling StoneBob Dylan
71%
Axel FCrazy Frog
71%
All Along The Watchtower | Foxey LadyJimi Hendrix
71%
CAN'T STOP THE FEELING!Justin Timberlake
71%
99 LuftballonsNena
71%
Best Song Ever | Live While We're Young | One Thing | +2 othersOne Direction
71%
HappyPharrell Williams
71%
I Believe I Can FlyR. Kelly
71%
Dear John | Haunted | Our Song | Teardrops On My GuitarTaylor Swift
71%
Dreams | Rhiannon | The ChainFleetwood Mac
65%
Holy Grail | Ni**as In Paris | The Story Of O.J.JAY-Z
65%
Summer Nights | You're The One That I WantJohn Travolta
65%
Love Yourself | Sorry | What Do You Mean?Justin Bieber
65%
When Doves CryPrince
65%
In A Broken DreamPython Lee Jackson
65%
All Day And All Of The Night | Lola | Picture BookThe Kinks
65%
Buddy HollyWeezer
65%
Someone Like You | When We Were YoungAdele
59%
A Horse With No NameAmerica
59%
God is a woman | Greedy | One Last TimeAriana Grande
59%
Cake By The OceanDNCE
59%
I Shot The SheriffEric Clapton
59%
21 Guns | Brain StewGreen Day
59%
The Power Of LoveHuey Lewis & The News
59%
Need You TonightINXS
59%
POWER | Touch The SkyKanye West
59%
RiseKaty Perry
59%
Heartbeat SongKelly Clarkson
59%
Tutti FruttiLittle Richard
59%
Girls Like You | Memories | Sugar | What Lovers DoMaroon 5
59%
Black BettyRam Jam
59%
Manic MondayThe Bangles
59%
Ho HeyThe Lumineers
59%
Bargain | Pinball Wizard | You Better You BetThe Who
59%
Dance MonkeyTones And I
59%
Band On The Run | Let 'Em In | Silly Love SongsWings
59%
Girl On Fire | If I Ain't Got You | No OneAlicia Keys
53%
LevelsAvicii
53%
Copacabana (At The Copa)Barry Manilow
53%
Allentown | Just The Way You Are | Keeping The Faith | +3 othersBilly Joel
53%
RITMO (Bad Boys For Life) | Shut Up | The Time (Dirty Bit)Black Eyed Peas
53%
Old Time Rock And RollBob Seger
53%
My WayCalvin Harris
53%
Bodak Yellow | I Like ItCardi B
53%
You're So VainCarly Simon
53%
Beautiful | Genie In A Bottle | Lady Marmalade | What A Girl WantsChristina Aguilera
53%
RioDuran Duran
53%
Love Me Like You Do | Something In The Way You MoveEllie Goulding
53%
Best Of You | EverlongFoo Fighters
53%
My Sweet LordGeorge Harrison
53%
Adore You | Sign Of The TimesHarry Styles
53%
Happy Xmas (War Is Over)John Lennon
53%
Panini | RodeoLil Nas X
53%
Happier | SilenceMarshmello
53%
High HopesPanic! At The Disco
53%
Even FlowPearl Jam
53%
SledgehammerPeter Gabriel
53%
Fun | Timber | Time Of Our LivesPitbull
53%
Needed Me | Shut Up And DriveRihanna
53%
Hands To Myself | Same Old LoveSelena Gomez
53%
CeciliaSimon & Garfunkel
53%
Train In Vain (Stand By Me)The Clash
53%
Break On Through (To The Other Side) | Hello, I Love You | People Are StrangeThe Doors
53%
Earned It | I Feel It ComingThe Weeknd
53%
Mysterious Ways | Where The Streets Have No NameU2
53%
I Don't Wanna Live Forever | PILLOWTALKZAYN
53%
Hey Brother | The NightsAviici
47%
As Long As You Love MeBackstreet Boys
47%
MagicB.o.B
47%
Liar | Real FriendsCamila Cabello
47%
Marvin GayeCharlie Puth
47%
ParadiseColdplay
47%
One More TimeDaft Punk
47%
Bills, Bills, BillsDestiny's Child
47%
Fake Love | Too GoodDrake
47%
GreaseFrankie Valli
47%
Only Human | Sucker | Year 3000Jonas Brothers
47%
Lucid DreamsJuice WRLD
47%
DNA.Kendrick Lamar
47%
All My Love | Armageddon It | Heartbreaker | Over The Hills And Far AwayLed Zeppelin
47%
RudeMAGIC!
47%
Chun-LiNicki Minaj
47%
In BloomNirvana
47%
Maybe I'm AmazedPaul McCartney
47%
Hey You | Time | Wish You Were HerePink Floyd
47%
La BambaRitchie Valens
47%
If I Can't Have You | Senorita | Something BigShawn Mendes
47%
We Are FamilySister Sledge
47%
I Wish | Sir DukeStevie Wonder
47%
1979The Smashing Pumpkins
47%
See You AgainWiz Khalifa
47%
Lean On MeBill Withers
41%
A Thousand Years | Jar Of HeartsChristina Perri
41%
Roll Over Beethoven | Run Rudolph RunChuck Berry
41%
Lookin' Out My Back Door | Who'll Stop The RainCreedence Clearwater Revival
41%
That's AmoreDean Martin
41%
Heart Attack | Really Don't CareDemi Lovato
41%
Let's Hear It For The BoyDeniece Williams
41%
Campaign Speech | River | Till I CollapseEminem
41%
Work From Home | Worth ItFifth Harmony
41%
Bad Liar | Whatever It TakesImagine Dragons
41%
Piece Of My HeartJanis Joplin
41%
If You Had My Love | Waiting For TonightJennifer Lopez
41%
Bang BangJessie J
41%
All Summer LongKid Rock
41%
JumpKris Kross
41%
Someone You LovedLewis Capaldi
41%
Walk On The Wild SideLou Reed
41%
The Unforgiven | Turn The PageMetallica
41%
Broken WingsMr. Mister
41%
Famous Last Words | TeenagersMy Chemical Romance
41%
Let Her GoPassenger
41%
Can't Fight This FeelingREO Speedwagon
41%
Dancing With A StrangerSam Smith
41%
Evil WaysSantana
41%
AbracadabraSteve Miller Band
41%
SanteriaSublime
41%
We Got The BeatThe Go-Go's
41%
Don't You Want MeThe Human League
41%
She Looks So Perfect5 Seconds of Summer
35%
No RainBlind Melon
35%
You're The InspirationChicago
35%
Hey Mama | Play HardDavid Guetta
35%
Don't Start NowDua Lipa
35%
All By MyselfEric Carmen
35%
Blue Morning, Blue Day | Feels Like The First TimeForeigner
35%
Sit Next To MeFoster The People
35%
Alone Again (Naturally)Gilbert O'Sullivan
35%
Kiss On My ListHall & Oates
35%
Alone | Crazy On You | What About LoveHeart
35%
I Love ItIcona Pop
35%
I Hate Myself For Loving YouJoan Jett & The Blackhearts
35%
Hurts So Good | I Need A LoverJohn Mellencamp
35%
GloriaLaura Branigan
35%
Sex & CandyMarcy Playground
35%
Let Me Love You (Until You Learn To Love Yourself)Ne-Yo
35%
SpiderwebsNo Doubt
35%
Spirit In The SkyNorman Greenbaum
35%
Fight Song | Stand By YouRachel Platten
35%
Body Like A Back RoadSam Hunt
35%
Wind Of ChangeScorpions
35%
Whoomp! (There It Is)Tag Team
35%
Listen To The MusicThe Doobie Brothers
35%
Low Rider | Why Can't We Be FriendsWar
35%
Gimme All Your Lovin'ZZ Top
35%
I Got You | No Broken Hearts | The Way I Are | i'm A MessBebe Rexha
29%
Safe And SoundCapital Cities
29%
White RoomCream
29%
FameDavid Bowie
29%
Let Me Love You | Turn Down For WhatDJ Snake
29%
Barbra StreisandDuck Sauce
29%
Telephone LineElectric Light Orchestra
29%
All Right NowFree
29%
Him & I | Me, Myself & IG-Eazy
29%
ShotgunGeorge Ezra
29%
Let Me Go | StarvingHailee Steinfeld
29%
Without MeHalsey
29%
DriveIncubus
29%
Where Are Ü NowJack Ü
29%
Say You Won't Let GoJames Arthur
29%
Talk | Young Dumb & BrokeKhalid
29%
Let Me Love YouMario
29%
Work ItMissy Elliott
29%
Float OnModest Mouse
29%
I Want You Back | Merry Christmas, Happy Holidays*NSYNC
29%
Love Runs OutOneRepublic
29%
Baby, I Love Your Way | Show Me The WayPeter Frampton
29%
Baby SharkPinkfong
29%
Better Now | Take What You Want | Wow.Post Malone
29%
Young TurksRod Stewart
29%
Te Aviso, Te Anuncio (Tango)Shakira
29%
Higher LoveSteve Winwood
29%
Shake Your Body (Down To The Ground)The Jacksons
29%
I'm So ExcitedThe Pointer Sisters
29%
Hey MickeyToni Basil
29%
Crazy | Same Old Song And Dance | The Other SideAerosmith
24%
HereAlessia Cara
24%
Better Off AloneAlice Deejay
24%
The Diary Of JaneBreaking Benjamin
24%
We Don't Talk AnymoreCliff Richard
24%
All These Lives | No Surprise | Waiting For Superman | What I WantDaughtry
24%
BodiesDrowning Pool
24%
WarEdwin Starr
24%
HandClap | I Just Wanna ShineFitz and The Tantrums
24%
Dream WeaverGary Wright
24%
Axel FHarold Faltermeyer
24%
Don't Wanna Go HomeJason Derulo
24%
IssuesJulia Michaels
24%
Breaking The HabitLinkin Park
24%
Midnight CityM83
24%
Bad Case Of Loving You | Simply IrresistibleRobert Palmer
24%
Summer BreezeSeals and Crofts
24%
Head Over HeelsTears For Fears
24%
Drive | Good Times Roll | Shake It UpThe Cars
24%
Louie LouieThe Kingsmen
24%
Don't Come Around Here No MoreTom Petty And The Heartbreakers
24%
Heroes (we could be)Alesso
18%
ROXANNEArizona Zervas
18%
Don't Look BackBoston
18%
Foolin'Def Leppard
18%
All She Wants To Do Is DanceDon Henley
18%
Heaven KnowsDonna Summer
18%
Fooled Around And Fell In LoveElvin Bishop
18%
This Ain't A Scene, It's An Arms RaceFall Out Boy
18%
i hate u, i love ugnash
18%
When The Curtain FallsGreta Van Fleet
18%
Typical StoryHobo Johnson
18%
Rock The BoatHues Corporation
18%
It Was A Good DayIce Cube
18%
Mo BounceIggy Azalea
18%
Tunnel Vision | ZEZEKodak Black
18%
iSpyKYLE
18%
Beggin'Madcon
18%
Break My StrideMatthew Wilder
18%
Black BeatlesRae Sremmurd
18%
Round and RoundRatt
18%
Car WashRose Royce
18%
FreewillRush
18%
Hold On, I'm Comin'Sam & Dave
18%
Scatman's WorldScatman John
18%
Tell It To My HeartTaylor Dayne
18%
SuperheroesThe Script
18%
MoonlightXXXTENTACION
18%
1 Thot 2 Thot Red Thot Blue Thot | Mr. Clean | Splash MountainYung Gravy
18%
WeakAJR
12%
Midnight RiderAllman Brothers Band
12%
I Just Want To Be Your EverythingAndy Gibb
12%
TornAva Max
12%
RunAWOLNATION
12%
Ms. New BootyBubba Sparxxx
12%
3005Childish Gambino
12%
I Only Want To Be With YouDusty Springfield
12%
SweatshirtJacob Sartorius
12%
Point Of Know ReturnKansas
12%
RansomLil Tecca
12%
Nobody Knows The Trouble I've SeenLouis Armstrong
12%
EmotionsMariah Carey
12%
Always Something There To Remind MeNaked Eyes
12%
Shattered (Turn The Car Around)O.A.R.
12%
The Night Chicago DiedPaper Lace
12%
Shake Your Groove ThingPeaches & Herb
12%
SomedayRob Thomas
12%
VenusShocking Blue
12%
CradlesSub Urban
12%
Hard To HandleThe Black Crowes
12%
I Fought The LawThe Bobby Fuller Four
12%
Best Of My LoveThe Emotions
12%
The Break Up SongThe Greg Kihn Band
12%
Talking In Your SleepThe Romantics
12%
Good Lovin'The Young Rascals
12%
MEGALOVANIAToby Fox
12%
Hold OnWilson Philips
12%
Bust A MoveYoung MC
12%
Dreamscape009 Soundsystem
6%
+Aitana
6%
Smoke ClearsAndy Grammer
6%
Pick Up The PiecesAverage White Band
6%
CinemaBenny Benassi
6%
DDU-DU DDU-DUBLACKPINK
6%
N.I.B.Black Sabbath
6%
Mr. LonelyBobby Vinton
6%
Everlasting LoveCarl Carlton
6%
TryColbie Caillat
6%
I Want YouDaniel Skye
6%
Just Like ParadiseDavid Lee Roth
6%
Fuck It (I Don't Want You Back)Eamon
6%
I'll BeEdward McCain
6%
December, 1963Frankie Valli & The Four Seasons
6%
I Just Wanna StopGino Vannelli
6%
The Hamster Dance SongHampster Dance
6%
Hit The QuaniLoveMemphis
6%
Long Time ComingJagwar Twin
6%
Sky HighJigsaw
6%
AlrightJudah & The Lion
6%
I Like Me BetterLauv
6%
SuperpoderesLeiva
6%
FinaleMadeon
6%
Mr. Monokuma's LessonMasafumi Takada
6%
AlligatorOf Monsters and Men
6%
HelloOMFG
6%
WitchcraftPendulum
6%
Space JamQuad City DJ's
6%
I've Cooked EverythingRiders In The Sky
6%
Let The Music PlayShannon
6%
I WishSkee-Lo
6%
I Remember YouSkid Row
6%
KyotoSkrillex
6%
Call On MeStarley
6%
Ling Ting TongThe Five Keys
6%
The Impression That I GetThe Mighty Mighty Bossotones
6%
BreakdownTom Petty & The Heartbreakers
6%
BOOMX Ambassadors
6%
Twilight Zone2 Unlimited
0%
TabuPablo Alboran
0%
SugarRobin Schulz
0%

Score Distribution

Percentile by Number Answered

Percent of People with Each Score

Your Score History

You have not taken this quiz